|
|
|
|
| LEADER |
00000nam0a2200000 4500 |
| 001 |
15588 |
| 005 |
20231030190251.0 |
| 010 |
|
|
|a 5785503042
|
| 035 |
|
|
|a (RuTPU)RU\TPU\book\15699
|
| 035 |
|
|
|a BOOK00000006
|
| 090 |
|
|
|a 15588
|
| 100 |
|
|
|a 20011209d1991 km y0rusy50 ca
|
| 101 |
0 |
|
|a rus
|
| 102 |
|
|
|a BY
|
| 105 |
|
|
|a y eg 000zy
|
| 200 |
1 |
|
|a Социологический словарь
|e Справочник
|f сост. А. Н. Елсуков ; К. В. Шульга
|
| 205 |
|
|
|a 2-е изд., перераб. и доп.
|
| 210 |
|
|
|a Минск
|c Университетское
|d 1991
|
| 215 |
|
|
|a 528 с.
|
| 610 |
1 |
|
|a социология
|
| 610 |
1 |
|
|a социологические исследования
|
| 610 |
1 |
|
|a словари
|
| 610 |
1 |
|
|a терминологические словари
|
| 686 |
|
|
|a С5Я2
|v LBC/SL-A
|2 rubbk
|
| 702 |
|
1 |
|a Елсуков
|b А. Н.
|4 220
|
| 702 |
|
1 |
|a Шульга
|b К. В.
|4 220
|
| 801 |
|
0 |
|a RU
|b 63413507
|c 20011209
|g PSBO
|
| 801 |
|
2 |
|a RU
|b 63413507
|c 20020418
|g PSBO
|
| 801 |
|
2 |
|a RU
|b 63413507
|c 20210616
|g PSBO
|
| 942 |
|
|
|c BK
|